2021 WNBA Teams Quiz - Statistics

General Stats
  • This quiz has been taken 296 times
  • The average score is 9 of 12
Answer Stats
Hint Answer % Correct
NYL New York Liberty
89%
LVA Las Vegas Aces
88%
LAS Los Angeles Sparks
83%
SS Seattle Storm
76%
IF Indiana Fever
73%
WM Washington Mystics
72%
CS Chicago Sky
70%
DW Dallas Wings
69%
ML MInnesota Lynx
69%
AD Atlanta Dream
67%
CS Connecticut Sun
66%
PM Phoenix Mercury
62%
No matching quizzes found
Score Distribution
Percent of People with Each Score
Percentile by Number Answered
Your Score History
You have not taken this quiz